00485nam a2200157Ia 450000500170000000800410001704100080005808200150006610000280008124500190010926000370012830000080016565000200017399900190019395201150021220250729165649.0250729s1991 xx 000 0 und d akan a420.5 LOUJ aS Luvis Collage9230017 ajesjvith santh aMangalorebsam luviz colazc1991 a82p aEnglish9230018 c238571d238571 00104070aALbALd2025-07-29eManagement Booksl0o420.5 LOUJpBED03890r2025-07-29 16:56:49w2025-07-29yBK